| 000 | 00622nam a22002177a 4500 | ||
|---|---|---|---|
| 001 | 7456 | ||
| 003 | FISKH | ||
| 005 | 20250716151021.0 | ||
| 008 | 250716b cb ||||| |||| 00| 0 eng d | ||
| 020 | _a9788172454074 | ||
| 040 |
_aFISKH _beng _cFISKH _dFISKH |
||
| 050 | _aPZ7 | ||
| 100 | _aSarrantonio, AI | ||
| 245 |
_a50 more horror stories / _cSelected By AI Sarrantonio & Martin H. Greenberg |
||
| 260 |
_aNew Delhi : _bGoodwill Publishing House, _c2008. |
||
| 300 |
_a242 pages : _billustrations ; _c22 cm . |
||
| 650 |
_aAnthology _vFiction |
||
| 650 |
_aHorror _vFiction |
||
| 942 |
_2ddc _cBK _n0 |
||
| 999 |
_c7456 _d7456 |
||